Xin lỗi, em chỉ là con đĩ

Wedi'i Gadw mewn:
Manylion Llyfryddiaeth
Prif Awdur: Tào, Đình
Fformat: Llyfr
Iaith:Undetermined
Cyhoeddwyd: Hà Nội Hội Nhà Văn 2007
Pynciau:
Tagiau: Ychwanegu Tag
Dim Tagiau, Byddwch y cyntaf i dagio'r cofnod hwn!
Thư viện lưu trữ: Trung tâm Học liệu Trường Đại học Cần Thơ
LEADER 00571nam a2200205Ia 4500
001 CTU_123820
008 210402s9999 xx 000 0 und d
020 |c 20000 
082 |a 895.1352 
082 |b Đ312 
100 |a Tào, Đình 
245 0 |a Xin lỗi, em chỉ là con đĩ 
245 0 |c Tào Đình ( Bảo Thê ); Trang Hạ dịch 
260 |a Hà Nội 
260 |b Hội Nhà Văn 
260 |c 2007 
650 |a Chinese fiction 
650 |y 21st century 
904 |i Minh 
980 |a Trung tâm Học liệu Trường Đại học Cần Thơ